000 00847cab a2200313 4500
001 ABS52565
008 090401t1995 xxu||||| |||| 00| 0 eng d
035 _a(Sirsi) u84882
041 _aeng
100 _aButler, D.
245 _aInvestment in Europe: key players in west still dominate field
260 _c1995
350 _a0
490 _aEstates Times
_v(1269) 3 March 1995, 9(1)
520 _aRound-up of investment opportunities in Europe.
650 _aEASTERN EUROPE
650 _aEUROPE
650 _aFRANCE
650 _aGREECE
650 _aINVESTMENT MARKET
650 _aINWARD INVESTMENT
650 _aSPAIN
650 _aSWEDEN
650 _aTURKEY
690 _aPROPERTY-COMMERCIAL PROPERTY-COMMERCIAL PROPERTY FINANCE AND INVESTMENT
690 _aOVERSEAS-EUROPE
942 _n0
948 _c04/03/1997
999 _c53384
_d53384